Predstavenie obchodného zastúpenia GMA firmy IBM

Bibliographic Details
Main Author: Kozík, Juraj (Author)
Format: Article
Language:Slovak
PhysicalDescription:Obr. 4.
Subjects:

MARC

LEADER 00000nab a2200000 a 4500
001 vtls000442854
003 SK-MaSNL
005 20260303210302.0
008 120926c1990 xo 0 slo
015 |a SNBRA19rr/mm-uuuuu 
035 |a CL0442984 
040 |a SNKBUCL  |b slo  |c SNKBUCL  |e AACR2 
041 0 |a slo 
044 |a xo  |c SK 
080 |a 681.3  |2 1981 
100 1 |a Kozík, Juraj  |4 aut  |9 1241790 
245 1 0 |a Predstavenie obchodného zastúpenia GMA firmy IBM  |c Juraj Kozík 
300 |b Obr. 4. 
610 2 7 |a International Business Machines Corporation  |2 snkbucl  |9 164697 
650 0 7 |a počítače  |2 snkbucl  |9 2027 
655 7 |a články zo zborníkov  |2 snkbucl  |9 166140 
773 0 |t Šiesty celoštátny seminár používateľov počítačov EC 1045-46 90  |d Bratislava : Dom techniky ZSVTS, 1990  |g S. 14-17 
850 |a Slovenská národná knižnica v Martine  |a MTA001 
852 |a SNK  |b KIS3GCP 
958 |a RK 
992 |a RZB 
999 |c 2199604  |d 2201534